ՀՀ Գիտությունների ազգային ակադեմիայի հիմնարար գիտական գրադարան  =   Fundamental Scientific Library of NAS RA

Դրամավարկային քաղաքականության ազդեցությունը կապիտալի շուկայի զարգացման վրա ՀՀ-ում ։ (Record no. 536344)

MARC details
000 -LEADER
fixed length control field 01652nam a22002297a 4500
001 - CONTROL NUMBER
control field 2028641
003 - CONTROL NUMBER IDENTIFIER
control field AM-YEHGA
005 - DATE AND TIME OF LATEST TRANSACTION
control field 20250922135633.0
008 - FIXED-LENGTH DATA ELEMENTS--GENERAL INFORMATION
fixed length control field 250820s2025 ai ||||| m||| 00| 0 arm d
040 ## - CATALOGING SOURCE
Original cataloging agency AM-YeHGA
041 0# - LANGUAGE CODE
Language code of text/sound track or separate title arm
100 1# - MAIN ENTRY--PERSONAL NAME
Personal name Տերյան, Դիանա Գևորգի
245 10 - TITLE STATEMENT
Title Դրամավարկային քաղաքականության ազդեցությունը կապիտալի շուկայի զարգացման վրա ՀՀ-ում ։
Remainder of title Սեղմագիր՝ Ը.00.03-«Ֆինանսներ, հաշվապահական հաշվառում» մասնագիտությամբ տնտեսագիտության թեկնածուի գիտական աստիճանի հայցման ատենախոսության /
Statement of responsibility, etc. Դ․Գ․ Տերյան; ՀՊՏՀ.
260 ## - PUBLICATION, DISTRIBUTION, ETC.
Place of publication, distribution, etc. Երևան,
Date of publication, distribution, etc. 2025.
300 ## - PHYSICAL DESCRIPTION
Extent 22 էջ
500 ## - GENERAL NOTE
General note Ատենախոսության թեման հաստատվել է Հայաստանի պետական տնտեսագիտական համալսարանում։
502 ## - DISSERTATION NOTE
Dissertation note Գիտական ղեկավար՝ Դ․Ն․ Հախվերդյան ; Պաշտոնական ընդդիմախոսներ՝ Հ․Գ․ Մնացականյան, Թ․Ս․ Հովակիմյան։
Degree type Տնտեսագիտության թեկնածուի գիտական աստիճանի հայցման ատենախոսության սեղմագիր։
Name of granting institution Հայաստանի պետական տնտեսագիտական համալսարան։
Year degree granted 2025 թ., սեպտեմբերի 18.
650 14 - SUBJECT ADDED ENTRY--TOPICAL TERM
Topical term or geographic name entry element Տնտեսագիտություն
655 #4 - INDEX TERM--GENRE/FORM
Genre/form data or focus term Սեղմագրեր
710 2# - ADDED ENTRY--CORPORATE NAME
Corporate name or jurisdiction name as entry element Հայաստանի պետական տնտեսագիտական համալսարան
9 (RLIN) 4131
942 ## - ADDED ENTRY ELEMENTS (KOHA)
Source of classification or shelving scheme Universal Decimal Classification
Koha item type Ատենախոսություններ / Dissertations
Holdings
Withdrawn status Lost status Source of classification or shelving scheme Damaged status Not for loan Collection Home library Current library Date acquired Total checkouts Full call number Barcode Date last seen Price effective from Koha item type Public note
    Universal Decimal Classification     General Fundamental Scientific Library Fundamental Scientific Library 20/08/2025   Բր 21993 FL0695893 10/09/2025 10/09/2025 Ատենախոսություններ / Dissertations 30 Days Loan


ՀՀ ԳԱԱ հիմնարար գիտական գրադարան
ՀՀ,Երևան 0019
Մարշալ Բաղրամյան 24/6
հեռախոս:(374-10) 52-47-50
Հետադարձ կապ

All site content, except where otherwise noted, is licensed under a
Creative Commons License